000 02858nam a22003497a 4500
003 OSt
005 20260416143310.0
008 260414t2019 xxu||||| |||| 00| 0 spa d
020 _a9788416045174
040 _aUnicoc
_bspa
_c00001
_d00001
082 _a617.63
100 _912590
_aGranero Marín, José Manuel
245 _aPatología Dental
_b: Prontuario
_c/ José Manuel Granero Marín
250 _a1 Ed.
260 _aEspaña :
_bUniversidad Católica San Antonio ,
_c2019
300 _a222 páginas
500 _aIncluye Bibliografía
505 _tParte I. Patología dental de origen embrionario. --
_tCapítulo 1. Anomalías de la histodiferenciación dental. --
_tCapítulo 2. Anomalías de la morfodiferenciación dental. --
_tParte II. Patología dental de origen biológico. --
_tCapítulo 3. Discoloraciones dentales. --
_tCapítulo 4. Crecimiento reactivo de los tejidos duros dentarios. --
_tCapítulo 5. Procesos consuntivos del diente de origen físico y químico. --
_tCapítulo 6. Procesos consuntivos del diente de origen celular. --
_tParte III. Patología dental de origen infeccioso. --
_tCapítulo 7. Introducción a la cariología. --
_tCapítulo 8. Biofilms relacionados con la etiología de la caries. --
_tCapítulo 9. Elementos de la dieta relacionados con la etiología y patogenia de la caries. --
_tCapítulo 10. Alteraciones estructurales en la lesión por caries. --
_tCapítulo 11. Interacciones entre los tejidos dentales y los fluidos orale. --
_tCapítulo 12. Manifestaciones clínicas de la caries dental. Diagnóstico y pronóstico. --
_tCapítulo 13. Diagnóstico radiológico de caries y otros procedimientos diagnósticos. --
_tParte IV. Patología dental de origen traumático. --
_tCapítulo 14. Generalidades de los traumatismos dentoalveolares. --
_tCapítulo 15. Fracturas dentoalveolares en dentición permanente. --
_tCapítulo 16. Lesiones traumáticas con afectación periodontal en dentición permanente. --
_tCapítulo 17. Fracturas dentoalveolares en dentición temporal. --
_tCapítulo 18. Lesiones traumáticas con afectación periodontal en dentición temporal. --
_t19.Protectores bucales.
526 _5Unicoc
546 _aEspañol
650 0 _911028
_aPatología Bucal
_vOrigen embrionario
650 0 _96510
_aEnfermedades de la boca.
650 0 _912946
_aPatología dental
650 0 _9577
_aEnfermedades de los dientes.
658 0 _98315
_aPrograma de Odontología
658 0 _98071
_aEspecialización en Endodoncia
700 _912943
_aJiménez Soto, Raúl
700 _912944
_aRiera Álvarez, Diego
700 _912945
_aMelendreras Ruiz, Raúl
856 _yAcceso online exclusivo para comunidad Unicoc.
_uhttps://unicoceduco-my.sharepoint.com/:b:/g/personal/direccionbiblioteca_unicoc_edu_co/IQBCHT_cGH5iSp6d28ZRlWWeAek0AOrnS-UiaHiAuY_WN7c
942 _2ddc
_cEBOOK
999 _c10848
_d10848